<A> taylori elvek, a strukturális alkalmazkodás és a japán példa.

Taylorizmus a fordizmus v novom poňatí vo svetovej výrobe od konca 70. rokov. Organizácia práce a výroby, pružné prispôsobenie sa potrebám trhu, optimálne riešenie nezamestnanosti - požiadavka modernej ekonomiky. Príklad japonského priemyslu a jeho rozmachu vďaka presnej organizácii práce. Postoj za...

Descrizione completa

Salvato in:
Dettagli Bibliografici
Autore principale: Szamuely, L.
Natura: Capitolo di libro
Lingua:ungherese
Soggetti:
Tags: Aggiungi Tag
Nessun Tag, puoi essere il primo ad aggiungerne!!

MARC

LEADER 00000naa a2200000 4500
001 r006374
005 20221125113759.0
041 0 |a hun 
044 |a HU 
245 1 0 |a <A> taylori elvek, a strukturális alkalmazkodás és a japán példa.  |c L. Szamuely 
520 |a Taylorizmus a fordizmus v novom poňatí vo svetovej výrobe od konca 70. rokov. Organizácia práce a výroby, pružné prispôsobenie sa potrebám trhu, optimálne riešenie nezamestnanosti - požiadavka modernej ekonomiky. Príklad japonského priemyslu a jeho rozmachu vďaka presnej organizácii práce. Postoj zamestnancov k svojmu podniku, sústavné vzdelávanie a rekvalifikácia. Príklady z ďalších európskych ekonomík, potreby a možnosti maďarského hospodárstva. 
610 2 0 |a taylorizmus 
610 2 0 |a fordizmus 
610 2 0 |a 1975-1991 
610 2 0 |a organizácia práce 
610 2 0 |a nezamestnanosť 
610 2 0 |a priemysel 
610 2 0 |a Japonsko 
610 2 0 |a zamestnanci 
610 2 0 |a rekvalifikácia 
610 2 0 |a rozvoj hospodársky 
100 1 |a Szamuely, L.